000 00908nam a22002057a 4500
005 20240313121338.0
010 _aHIN-127072
020 _a9789389373936
_c650.00
035 _aHN-99418
037 _bDBAD/PUB
082 _a821
245 _aइस सदी के सामने:
_b200 के बाद की युवा कविता/
_cराजेश जोशी और आरती द्वारा सम्पादित
250 _a1
260 _aदिल्ली
_bराजपाल एंड संस
_c2024
270 _a1590 मदरसा रोड कश्मीरी गेट
_bदिल्ली
_e110006
300 _a415पृष्ठ;
_c22सेमी(अजिल्द)
710 _aआरती
_963149
_eसंपादक
710 _a जोशी ,राजेश
_eसंपादक
_963216
942 _2ddc
_cHN
_h821
_mइसस
999 _c201420
_d201420